Eastern Utah Libraries Catalog: Duchesne, Heber, Roosevelt, & Vernal

West Side story (Record no. 271024)

MARC details
000 -LEADER
fixed length control field 04380ngm a2200817Ia 4500
001 - CONTROL NUMBER
control field ocm53299988
003 - CONTROL NUMBER IDENTIFIER
control field OCoLC
005 - DATE AND TIME OF LATEST TRANSACTION
control field 20200320183637.0
007 - PHYSICAL DESCRIPTION FIXED FIELD--GENERAL INFORMATION
fixed length control field vd cvaizq
008 - FIXED-LENGTH DATA ELEMENTS--GENERAL INFORMATION
fixed length control field 031028p20031961cau152 g vleng d
019 ## -
-- 53303067
020 ## - INTERNATIONAL STANDARD BOOK NUMBER
International Standard Book Number 0792858522
020 ## - INTERNATIONAL STANDARD BOOK NUMBER
International Standard Book Number 9780792858522
020 ## - INTERNATIONAL STANDARD BOOK NUMBER
Terms of availability 12.95
024 1# - OTHER STANDARD IDENTIFIER
Standard number or code 027616898807
028 42 - PUBLISHER NUMBER
Publisher number 1005613
Source MGM Home Entertainment
029 1# - (OCLC)
OCLC library identifier NZ1
System control number 9184722
029 1# - (OCLC)
OCLC library identifier AU@
System control number 000025214171
035 ## - SYSTEM CONTROL NUMBER
System control number (OCoLC)53299988
Canceled/invalid control number (OCoLC)53303067
037 ## - SOURCE OF ACQUISITION
Source of stock number/acquisition Midwest Tapes
Note http://www.midwesttapes.com
040 ## - CATALOGING SOURCE
Original cataloging agency CAU
Transcribing agency CAU
Modifying agency RCS
-- TEFMT
-- OCLCQ
-- OCL
-- OCLCA
-- BTCTA
-- Q2Z
-- WACOL
041 1# - LANGUAGE CODE
Language code of text/sound track or separate title eng
-- fre
-- spa
Language code of summary or abstract/overprinted title or subtitle eng
-- fre
-- spa
Language code of original and/or intermediate translations of text eng
043 ## - GEOGRAPHIC AREA CODE
Geographic area code n-us-ny
049 ## - LOCAL HOLDINGS (OCLC)
Holding library WACL
050 #4 - LIBRARY OF CONGRESS CALL NUMBER
Classification number PN1995.9.M86
Item number W473x 2003
082 04 - DEWEY DECIMAL CLASSIFICATION NUMBER
Classification number 791.43/72
Edition number 22
092 ## - LOCALLY ASSIGNED DEWEY CALL NUMBER (OCLC)
Classification number DVD
Item number Wes
130 0# - MAIN ENTRY--UNIFORM TITLE
Uniform title West Side story (Motion picture)
9 (RLIN) 65484
245 10 - TITLE STATEMENT
Title West Side story
Medium [videorecording] /
Statement of responsibility, etc Mirisch Pictures presents a Robert Wise production in association with Seven Arts Productions, Inc. ; screenplay writer, Ernest Lehman ; directors, Robert Wise, Jerome Robbins.
250 ## - EDITION STATEMENT
Edition statement Standard version.
260 ## - PUBLICATION, DISTRIBUTION, ETC. (IMPRINT)
Place of publication, distribution, etc Santa Monica, Calif :
Name of publisher, distributor, etc MGM Home Entertainment,
Date of publication, distribution, etc c2003.
300 ## - PHYSICAL DESCRIPTION
Extent 1 videodisc (152 min.) :
Other physical details sd., col. ;
Dimensions 4 3/4 in.
538 ## - SYSTEM DETAILS NOTE
System details note DVD, region 1NTSC; full screen (1.33:1); Dolby digital 5.1 surround.
546 ## - LANGUAGE NOTE
Language note English, French (mono.) or Spanish (mono.) dialogue ; optional English, French or Spanish subtitles; closed captioned.
511 1# - PARTICIPANT OR PERFORMER NOTE
Participant or performer note Natalie Wood, Richard Beymer, Russ Tamblyn, Rita Moreno, George Chikiris.
508 ## - CREATION/PRODUCTION CREDITS NOTE
Creation/production credits note Director of photography, Daniel L. Fapp ; editor, Thomas Stanford ; music, Leonard Bernstein; lyrics by Stephen Sondheim ; costume designer, Irene Sharaff ; production designer, Boris Leven ; choreographer, Jerome Robbins.
500 ## - GENERAL NOTE
General note Based on the stage play produced by Robert E. Griffith and Harold S. Prince and the book by Arthur Laurents; play conceived, directed and choreographed by Jerome Robbins; music by Leonard Bernstein, lyrics by Stephen Sondheim.
500 ## - GENERAL NOTE
General note Originally produced as a motion picture in 1961.
521 8# - TARGET AUDIENCE NOTE
Target audience note Not rated by the MPAA.
520 ## - SUMMARY, ETC.
Summary, etc This musical sets the tragedy of Romeo and Juliet against a backdrop of the rivalry of two street gangs, the Sharks and the Jets, in New York of the 1950s. A young woman who is sister to the Sharks leader has her first taste of love with the former head of the Jets.
586 ## - AWARDS NOTE
Awards note Academy Awards, USA; 1962, Oscar - Best Actor in a Supporting Role (George Chakiris); Best Actress in a Supporting Role (Rita Moreno); Best Art Direction-Set Decoration, Color (Boris Leven, Victor A. Gangelin); Best Cinematography, Color (Daniel L. Fapp); Best Costume Design, Color (Irene Sharaff); Best Director (Robert Wise, Jerome Robbins); Best Film Editing (Thomas Stanford); Best Music, Scoring of a Musical Picture (Saul Chaplin, Johnny Green, Sid Ramin, Irwin Kostal); Best Picture (Robert Wise); Best Sound (Fred Hynes, Gordon Sawyer)
500 ## - GENERAL NOTE
General note Special features: Original theatrical trailer.
650 #0 - SUBJECT ADDED ENTRY--TOPICAL TERM
Topical term or geographic name as entry element Gangs
Geographic subdivision New York (State)
Form subdivision Drama.
9 (RLIN) 5742395
650 #0 - SUBJECT ADDED ENTRY--TOPICAL TERM
Topical term or geographic name as entry element First loves
Form subdivision Drama.
9 (RLIN) 5675181
655 #0 - INDEX TERM--GENRE/FORM
Genre/form data or focus term Feature films.
9 (RLIN) 5852711
655 #0 - INDEX TERM--GENRE/FORM
Genre/form data or focus term Musical films.
9 (RLIN) 102735
655 #0 - INDEX TERM--GENRE/FORM
Genre/form data or focus term Film adaptations.
9 (RLIN) 5852712
655 #0 - INDEX TERM--GENRE/FORM
Genre/form data or focus term Video recordings for the hearing impaired.
9 (RLIN) 5852713
700 1# - ADDED ENTRY--PERSONAL NAME
Personal name Wise, Robert,
Dates associated with a name 1914-2005.
9 (RLIN) 25667
700 1# - ADDED ENTRY--PERSONAL NAME
Personal name Lehman, Ernest,
Dates associated with a name 1915-2005.
9 (RLIN) 16855
700 1# - ADDED ENTRY--PERSONAL NAME
Personal name Robbins, Jerome.
9 (RLIN) 24153
700 1# - ADDED ENTRY--PERSONAL NAME
Personal name Bernstein, Leonard,
Dates associated with a name 1918-1990.
9 (RLIN) 1743
700 1# - ADDED ENTRY--PERSONAL NAME
Personal name Sondheim, Stephen.
9 (RLIN) 5852714
700 1# - ADDED ENTRY--PERSONAL NAME
Personal name Wood, Natalie.
9 (RLIN) 19648
700 1# - ADDED ENTRY--PERSONAL NAME
Personal name Beymer, Richard,
Dates associated with a name 1939-
9 (RLIN) 37836
700 1# - ADDED ENTRY--PERSONAL NAME
Personal name Tamblyn, Russ.
9 (RLIN) 42316
700 1# - ADDED ENTRY--PERSONAL NAME
Personal name Moreno, Rita.
9 (RLIN) 8488
700 1# - ADDED ENTRY--PERSONAL NAME
Personal name Chakiris, George.
9 (RLIN) 33823
700 1# - ADDED ENTRY--PERSONAL NAME
Personal name Leven, Boris.
9 (RLIN) 25907
700 1# - ADDED ENTRY--PERSONAL NAME
Personal name Griffith, Robert E.
9 (RLIN) 5852715
700 1# - ADDED ENTRY--PERSONAL NAME
Personal name Prince, Harold,
Dates associated with a name 1928-
9 (RLIN) 5852716
700 1# - ADDED ENTRY--PERSONAL NAME
Personal name Laurents, Arthur.
9 (RLIN) 24154
710 2# - ADDED ENTRY--CORPORATE NAME
Corporate name or jurisdiction name as entry element Mirisch Pictures (Firm)
9 (RLIN) 5852717
710 2# - ADDED ENTRY--CORPORATE NAME
Corporate name or jurisdiction name as entry element Seven Arts Productions.
9 (RLIN) 24489
710 2# - ADDED ENTRY--CORPORATE NAME
Corporate name or jurisdiction name as entry element MGM Home Entertainment Inc.
9 (RLIN) 64163
938 ## -
-- Baker and Taylor
-- BTCP
-- be2003021008
942 ## - ADDED ENTRY ELEMENTS (KOHA)
Koha item type DVD
948 ## - LOCAL PROCESSING INFORMATION (OCLC); SERIES PART DESIGNATOR (RLIN)
Series part designator, SPT (RLIN) 09/16/2009
z (OCLC) Sirsi
994 ## -
-- 02
-- WACOL
996 ## -
-- 72897
-- 34301000872939
-- DVD
-- DVD
-- wcl
-- i
-- 90
-- 12.95
-- Gift
-- Wes
-- 09/18/2009
-- 07/03/2019
-- 06/26/2019
Holdings
Withdrawn status Lost status Source of classification or shelving scheme Damaged status Not for loan Collection code Home library Current library Shelving location Date acquired Source of acquisition Cost, normal purchase price Total Checkouts Total Renewals Full call number Barcode Date last seen Date checked out Cost, replacement price Price effective from Koha item type
    Dewey Decimal Classification     Movies Wasatch County Library Wasatch County Library Audio Visual Area 09/18/2009 Donation 12.95 99 9 DVD Wes 34301000872939 04/06/2024 03/30/2024 12.95 03/20/2020 DVD
This project was made possible through a grant from the Institute of Museum and Library Service administered by the Utah State Library Division.

Wasatch County Library

  • 465 East 1200 South, Heber City, Utah 84032
  • Phone 435-654-1511 | Fax 435-654-6456

Hours

  • Monday - Friday 9:30 AM - 8:00 PM
  • Saturday 9:30 AM - 1:30 PM
  • Closed Sundays and Holidays